| 000 | 00758nam a22002177a 4500 | ||
|---|---|---|---|
| 999 |
_c5551 _d5551 |
||
| 003 | AR-CdUCM | ||
| 008 | 190312b ||||| |||| 00| 0 spa d | ||
| 040 |
_aMUNICIPALIDAD PROVINCIAL DEL CUSCO _cBIBLIOTECA MUNICIPAL DEL CUSCO |
||
| 082 |
_a869.44 / _bD68 |
||
| 100 |
_aDiaz Machicao, Porfirio _916638 |
||
| 245 |
_aMaría del valle y sus cruces : _bNovela corta / |
||
| 260 |
_aBolivia : _bTalleres gráficos de la editorial de la universidad mayor de san andres, _c1966. |
||
| 300 |
_a76 páginas ; _c19 cm. |
||
| 440 |
_aColección popular ; _n1 _916639 |
||
| 500 | _aDonación de la familia Nieto. | ||
| 505 | _aContenido :Novela | ||
| 650 |
_aNovelas bolivianas _916640 |
||
| 650 |
_aLiteratura boliviana _94271 |
||
| 942 |
_2ddc _cLIBROS |
||
| 945 | _arum | ||